[Event "Muensterland Verbandsliga Gr1 2223"]
[Site "Germany"]
[Date "2022.09.10"]
[Round "1.1"]
[White "Sandmann, Matthias"]
[Black "Welp, Michael"]
[Result "1/2-1/2"]
[WhiteElo "1770"]
[BlackElo "1914"]
[PlyCount "132"]
[EventDate "2022.09.10"]
[EventType "team-tourn"]
[EventRounds "5"]
[EventCountry "GER"]
[SourceTitle "EXT 2024"]
[Source "ChessBase"]
[SourceDate "2023.10.10"]
[SourceVersion "1"]
[SourceVersionDate "2023.10.10"]
[SourceQuality "1"]
[WhiteTeam "Nordwalde"]
[BlackTeam "Ibbenbueren"]
[WhiteTeamCountry "GER"]
[BlackTeamCountry "GER"]

1. Nf3 d5 2. d4 Nc6 3. c4 Bg4 4. e3 e5 5. cxd5 Qxd5 6. Nc3 Bb4 7. a3 Bxc3+ 8. bxc3 e4 9. c4 Qd7 10. h3 Bh5 11. Ne5 Bxd1 12. Nxd7 Kxd7 13. Kxd1 Nge7 14. Bb2 Ng6 15. f4 exf3 16. gxf3 Rhe8 17. Kd2 Rad8 18. h4 Kc8 19. h5 Nge5 20. Be2 f5 21. f4 Nd7 22. Rag1 Re7 23. Bd3 Rf7 24. d5 Nc5 25. Rxg7 Rxg7 26. Bxg7 Nxd3 27. Kxd3 b5 28. cxb5 Rxd5+ 29. Kc4 Ne7 30. Bf6 Rd7 31. Rg1 Nd5 32. Bd4 Nb6+ 33. Kb4 Re7 34. Kc5 Kd7 35. h6 Ke6 36. Rg7 Rxg7 37. Bxg7 Kd7 38. Bd4 Nc8 39. a4 Ne7 40. Bf6 Nc8 41. Kd5 Nd6 42. Bd4 Nf7 43. Bg7 Nd6 44. Bf8 Nf7 45. a5 Ke8 46. Kc6 Kxf8 47. Kxc7 Ke7 48. Kb7 Nd6+ 49. Kxa7 Nxb5+ 50. Kb6 Nd6 51. Kc6 Nc8 52. a6 Na7+ 53. Kd5 Kf6 54. Kc5 Ke6 55. Kb6 Nc8+ 56. Kb7 Kd7 57. Kb8 Ne7 58. Kb7 Nc6 59. Kb6 Kd6 60. Kb7 Na5+ 61. Kc8 Nc6 62. Kb7 Na5+ 63. Kb8 Kd5 64. Kc7 Nc6 65. Kb6 Ne7 66. Kb7 Nc6 1/2-1/2

[Event "Muensterland Verbandsliga 1920"]
[Site "Germany"]
[Date "2020.02.22"]
[Round "7.1"]
[White "Welp, Michael"]
[Black "Lerke, Bernd"]
[Result "1/2-1/2"]
[WhiteElo "1887"]
[BlackElo "1884"]
[PlyCount "44"]
[EventDate "2019.09.07"]
[EventType "team-tourn"]
[EventRounds "7"]
[EventCountry "GER"]
[SourceTitle "EXT 2023"]
[Source "ChessBase"]
[SourceDate "2022.10.05"]
[SourceVersion "1"]
[SourceVersionDate "2022.10.05"]
[SourceQuality "1"]
[WhiteTeam "Ibbenbueren"]
[BlackTeam "Nordwalde"]
[WhiteTeamCountry "GER"]
[BlackTeamCountry "GER"]

1. d4 Nf6 2. c4 e6 3. Nf3 b6 4. g3 Bb7 5. Bg2 Be7 6. Nc3 d5 7. cxd5 exd5 8. 0-0 0-0 9. Bf4 Re8 10. Rc1 c6 11. a3 Nh5 12. Bxb8 Rxb8 13. Ne5 Bd6 14. e4 Nf6 15. exd5 cxd5 16. Re1 Rc8 17. Qb3 Bxe5 18. dxe5 Ne4 19. Nxe4 Rxc1 20. Nf6+ Qxf6 21. Rxc1 Qxe5 22. Qa4 Qb8 1/2-1/2

[Event "Muensterland Verbandsliga 1920"]
[Site "Germany"]
[Date "2019.11.09"]
[Round "3.1"]
[White "Welp, Michael"]
[Black "Scho, Christian"]
[Result "1-0"]
[WhiteElo "1887"]
[BlackElo "2072"]
[PlyCount "79"]
[EventDate "2019.09.07"]
[EventType "team-tourn"]
[EventRounds "7"]
[EventCountry "GER"]
[SourceTitle "EXT 2023"]
[Source "ChessBase"]
[SourceDate "2022.10.05"]
[SourceVersion "1"]
[SourceVersionDate "2022.10.05"]
[SourceQuality "1"]
[WhiteTeam "Ibbenbueren"]
[BlackTeam "Gescher"]
[WhiteTeamCountry "GER"]
[BlackTeamCountry "GER"]

1. d4 d6 2. Nf3 Bg4 3. g3 Bxf3 4. exf3 g6 5. Bg2 Bg7 6. f4 c6 7. 0-0 Nf6 8. c4 0-0 9. Qb3 Qb6 10. Qxb6 axb6 11. Re1 e6 12. Nc3 d5 13. cxd5 exd5 14. Be3 b5 15. a4 bxa4 16. Nxa4 Nbd7 17. b4 Ra7 18. Nc3 Rfa8 19. Rxa7 Rxa7 20. b5 Ne8 21. Rb1 Nd6 22. Bh3 f5 23. Bf1 Kf7 24. Be2 Nf8 25. bxc6 bxc6 26. Rb6 Ne4 27. Nxe4 fxe4 28. Rxc6 Ne6 29. Rd6 Ra5 30. Bg4 Nf8 31. f5 gxf5 32. Bxf5 Ke7 33. Rc6 Ra7 34. Rc5 Ne6 35. Rxd5 Ra1+ 36. Kg2 Rd1 37. Bxe4 Nxd4 38. Bxh7 Ke6 39. Bg8+ Ke7 40. h4 1-0

[Event "Muensterland Verbandsliga 1920"]
[Site "Germany"]
[Date "2019.09.28"]
[Round "2.2"]
[White "Welp, Michael"]
[Black "Boesel, Alexander"]
[Result "0-1"]
[WhiteElo "1887"]
[BlackElo "2068"]
[PlyCount "68"]
[EventDate "2019.09.07"]
[EventType "team-tourn"]
[EventRounds "7"]
[EventCountry "GER"]
[SourceTitle "EXT 2023"]
[Source "ChessBase"]
[SourceDate "2022.10.05"]
[SourceVersion "1"]
[SourceVersionDate "2022.10.05"]
[SourceQuality "1"]
[WhiteTeam "Ibbenbueren"]
[BlackTeam "Olfen"]
[WhiteTeamCountry "GER"]
[BlackTeamCountry "GER"]

1. e4 c5 2. Nf3 d6 3. d4 cxd4 4. Nxd4 Nf6 5. Nc3 a6 6. Be2 e5 7. Nb3 Be7 8. Be3 Be6 9. Qd2 0-0 10. 0-0-0 a5 11. Kb1 a4 12. Nc1 Na6 13. f3 Nc7 14. g4 d5 15. exd5 Nfxd5 16. Nxd5 Nxd5 17. Bc4 Ra5 18. Bxd5 Rxd5 19. Qe2 Qc7 20. Rxd5 Bxd5 21. Rd1 Qc6 22. Rf1 Rc8 23. Nd3 f6 24. Bc1 a3 25. b3 Bd6 26. c4 Bf7 27. Be3 e4 28. Nf4 Re8 29. Nd5 exf3 30. Qxf3 Bg6+ 31. Kc1 Be4 32. Nxf6+ gxf6 33. Qxf6 Be5 34. Qg5+ Bg6 0-1

[Event "Muensterland Verbandsklasse 1819"]
[Site "Germany"]
[Date "2019.01.19"]
[Round "5.2"]
[White "Welp, Michael"]
[Black "Hanewinkel, Christian"]
[Result "1/2-1/2"]
[WhiteElo "1872"]
[BlackElo "1793"]
[PlyCount "36"]
[EventDate "2018.09.15"]
[EventType "team-tourn"]
[EventRounds "9"]
[EventCountry "GER"]
[SourceTitle "EXT 2020"]
[Source "ChessBase"]
[SourceDate "2019.10.17"]
[SourceVersion "1"]
[SourceVersionDate "2019.10.17"]
[SourceQuality "1"]
[WhiteTeam "Ibbenbueren"]
[BlackTeam "Beelen II"]
[WhiteTeamCountry "GER"]
[BlackTeamCountry "GER"]

1. e4 c5 2. Nf3 d6 3. d4 cxd4 4. Nxd4 Nf6 5. Nc3 a6 6. Be2 g6 7. Be3 Bg7 8. 0-0 Nc6 9. f4 Bd7 10. Qd2 e6 11. Rad1 0-0 12. Nb3 d5 13. exd5 exd5 14. Nxd5 Bf5 15. Bb6 Qxd5 16. Qxd5 Nxd5 17. Rxd5 Bxc2 18. Nd4 Nxd4 1/2-1/2

[Event "Steinfurt Bezirksliga 1617"]
[Site "Germany"]
[Date "2017.01.21"]
[Round "5.2"]
[White "Welp, Michael"]
[Black "Bienhuels, Franz Josef"]
[Result "1-0"]
[WhiteElo "1854"]
[BlackElo "1869"]
[PlyCount "77"]
[EventDate "2016.09.24"]
[EventType "team"]
[EventRounds "9"]
[EventCountry "GER"]
[SourceTitle "EXT 2018"]
[Source "ChessBase"]
[SourceDate "2017.10.13"]
[SourceVersion "1"]
[SourceVersionDate "2017.10.13"]
[SourceQuality "1"]
[WhiteTeam "Ibbenbueren"]
[BlackTeam "Westerkappeln"]
[WhiteTeamCountry "GER"]
[BlackTeamCountry "GER"]

1. d4 d6 2. Nf3 g6 3. e4 Bg7 4. c4 Nf6 5. Nc3 0-0 6. Be2 Na6 7. 0-0 c5 8. d5 Nc7 9. Qc2 a6 10. a4 e5 11. a5 Nh5 12. Ng5 Nf4 13. Bxf4 exf4 14. Nf3 Rb8 15. Na4 b5 16. axb6 Na8 17. Rab1 Nxb6 18. b4 Nxa4 19. Qxa4 Rxb4 20. Rxb4 cxb4 21. Qxb4 Qe7 22. Bd3 g5 23. Rc1 g4 24. Nd2 g3 25. c5 gxf2+ 26. Kf1 dxc5 27. Qxc5 Qxc5 28. Rxc5 Bd4 29. Ra5 Bc3 30. Ra2 Bd4 31. h3 Kg7 32. Nf3 Be3 33. Bxa6 Bxa6+ 34. Rxa6 Rb8 35. Ra1 Rb7 36. Rd1 Kf8 37. Ne5 Ke7 38. d6+ Kd8 39. d7 1-0

[Event "Steinfurt Bezirksliga 1617"]
[Site "Germany"]
[Date "2016.12.10"]
[Round "4.3"]
[White "Ortmeier, Leonhard"]
[Black "Welp, Michael"]
[Result "1-0"]
[WhiteElo "1866"]
[BlackElo "1854"]
[PlyCount "39"]
[EventDate "2016.09.24"]
[EventType "team"]
[EventRounds "9"]
[EventCountry "GER"]
[SourceTitle "EXT 2018"]
[Source "ChessBase"]
[SourceDate "2017.10.13"]
[SourceVersion "1"]
[SourceVersionDate "2017.10.13"]
[SourceQuality "1"]
[WhiteTeam "Emsdetten Rochade III"]
[BlackTeam "Ibbenbueren"]
[WhiteTeamCountry "GER"]
[BlackTeamCountry "GER"]

1. e4 d5 2. exd5 Qxd5 3. Nc3 Qa5 4. Nf3 Bg4 5. d4 Nf6 6. h3 Bh5 7. g4 Bg6 8. Ne5 Nbd7 9. Nc4 Qa6 10. Bf4 Qe6+ 11. Ne3 Qb6 12. Bg2 Qxb2 13. Ncd5 Nxd5 14. Nxd5 e5 15. Nxc7+ Kd8 16. Nxa8 exf4 17. 0-0 Bxc2 18. Qd2 Bb4 19. Qxf4 Ba5 20. Qg5+ 1-0

[Event "Steinfurt Bezirksliga 1516"]
[Site "Germany"]
[Date "2016.01.23"]
[Round "5.3"]
[White "Galluschke, Thorsten"]
[Black "Welp, Michael"]
[Result "1-0"]
[WhiteElo "1671"]
[BlackElo "1891"]
[PlyCount "35"]
[EventDate "2015.09.19"]
[EventType "team-tourn"]
[EventRounds "9"]
[EventCountry "GER"]
[SourceTitle "EXT 2017"]
[Source "ChessBase"]
[SourceDate "2016.10.25"]
[SourceVersion "1"]
[SourceVersionDate "2016.10.25"]
[SourceQuality "1"]
[WhiteTeam "Westerkappeln"]
[BlackTeam "Ibbenbueren"]
[WhiteTeamCountry "GER"]
[BlackTeamCountry "GER"]

1. d4 d5 2. c4 Nc6 3. Nf3 Bg4 4. e3 e5 5. cxd5 Qxd5 6. Be2 exd4 7. exd4 0-0-0 8. Be3 Nf6 9. 0-0 Bd6 10. h3 h5 11. Nc3 Qf5 12. Qa4 Bxh3 13. Nh4 Qe6 14. Bc4 Qg4 15. d5 Qxh4 16. dxc6 Bg4 17. cxb7+ Kxb7 18. Ba6+ 1-0

[Event "Steinfurt Bezirksliga 1516"]
[Site "Germany"]
[Date "2015.11.28"]
[Round "3.4"]
[White "Welp, Michael"]
[Black "Schneider, Richard2222"]
[Result "1/2-1/2"]
[WhiteElo "1891"]
[BlackElo "1432"]
[PlyCount "120"]
[EventDate "2015.09.19"]
[EventType "team-tourn"]
[EventRounds "9"]
[EventCountry "GER"]
[SourceTitle "EXT 2017"]
[Source "ChessBase"]
[SourceDate "2016.10.25"]
[SourceVersion "1"]
[SourceVersionDate "2016.10.25"]
[SourceQuality "1"]
[WhiteTeam "Ibbenbueren"]
[BlackTeam "Emsdetten Rochade IV"]
[WhiteTeamCountry "GER"]
[BlackTeamCountry "GER"]

1. e4 c5 2. Nf3 Nc6 3. Bb5 Qb6 4. Nc3 a6 5. Nd5 Qd8 6. Bxc6 bxc6 7. Nc3 d6 8. 0-0 e5 9. Qe2 Nf6 10. d3 h6 11. Nh4 Be7 12. Nf5 Bxf5 13. exf5 Qc8 14. g4 Rb8 15. f4 0-0 16. b3 Re8 17. fxe5 dxe5 18. g5 hxg5 19. Bxg5 Qd7 20. Bxf6 Bxf6 21. Ne4 Kf8 22. Kh1 Qd5 23. Qf2 Qd4 24. Nxc5 Rbd8 25. Rae1 Qxf2 26. Rxf2 Bh4 27. Rfe2 Bxe1 28. Rxe1 Rd5 29. b4 Rd4 30. c3 Rd5 31. Re3 f6 32. Nxa6 Red8 33. Nc5 Kf7 34. a4 Ra8 35. a5 Rxa5 36. bxa5 Rxc5 37. d4 exd4 38. cxd4 Rxa5 39. Rc3 Rxf5 40. Rxc6 Rd5 41. Rc7+ Kg6 42. Rc4 Kf5 43. Kg2 Ke4 44. Kg3 Rxd4 45. Rc7 g5 46. h4 gxh4+ 47. Kxh4 Kf4 48. Kh3 Re4 49. Kg2 f5 50. Kf2 Rb4 51. Rc2 Re4 52. Rc8 Re3 53. Rc4+ Re4 54. Rxe4+ Kxe4 55. Ke2 f4 56. Kf2 Kf5 57. Kf3 Kg5 58. Kf2 Kg4 59. Kg2 f3+ 60. Kf2 Kf4 1/2-1/2

[Event "Steinfurt Bezirksliga 1516"]
[Site "Germany"]
[Date "2015.09.19"]
[Round "1.3"]
[White "Sivakumaran, Methunraj"]
[Black "Welp, Michael"]
[Result "1/2-1/2"]
[WhiteElo "1539"]
[BlackElo "1891"]
[PlyCount "37"]
[EventDate "2015.09.19"]
[EventType "team-tourn"]
[EventRounds "9"]
[EventCountry "GER"]
[SourceTitle "EXT 2017"]
[Source "ChessBase"]
[SourceDate "2016.10.25"]
[SourceVersion "1"]
[SourceVersionDate "2016.10.25"]
[SourceQuality "1"]
[WhiteTeam "Ibbenbueren II"]
[BlackTeam "Ibbenbueren"]
[WhiteTeamCountry "GER"]
[BlackTeamCountry "GER"]

1. e4 d5 2. exd5 Qxd5 3. Nc3 Qa5 4. d4 Nf6 5. Bc4 Nc6 6. Nge2 Bg4 7. 0-0 e6 8. h3 Bh5 9. Be3 0-0-0 10. a3 Nd5 11. Nxd5 exd5 12. b4 Qb6 13. Bd3 Be7 14. c3 Bg6 15. a4 a5 16. bxa5 Nxa5 17. Rb1 Qc6 18. Bb5 Qf6 19. Rb2 1/2-1/2

[Event "Muensterland Verbandsklasse 1314"]
[Site "Germany"]
[Date "2014.04.12"]
[Round "8.2"]
[White "Welp, Michael"]
[Black "Mantwill, Reiner"]
[Result "1-0"]
[WhiteElo "1926"]
[BlackElo "1830"]
[PlyCount "61"]
[EventDate "2013.09.21"]
[EventType "team-tourn"]
[EventRounds "9"]
[EventCountry "GER"]
[SourceTitle "EXT 2015"]
[Source "ChessBase"]
[SourceDate "2014.11.20"]
[SourceVersion "1"]
[SourceVersionDate "2014.11.20"]
[SourceQuality "1"]
[WhiteTeam "Ibbenbueren"]
[BlackTeam "Gescher"]
[WhiteTeamCountry "GER"]
[BlackTeamCountry "GER"]

1. e4 c5 2. Nf3 d6 3. d4 cxd4 4. Nxd4 Nf6 5. Nc3 a6 6. Be3 e5 7. Nb3 Be7 8. Be2 Be6 9. 0-0 Nbd7 10. Qd2 0-0 11. Rad1 b5 12. a3 Nb6 13. Na5 Qc7 14. f3 Rfd8 15. Qe1 d5 16. exd5 Nbxd5 17. Nxd5 Nxd5 18. Bd2 Bc5+ 19. Kh1 Ne3 20. Bxe3 Bxe3 21. Bd3 Bb6 22. b4 Rd4 23. c3 Rdd8 24. Qe4 f5 25. Qc6 Qxc6 26. Nxc6 Bb3 27. Nxd8 Bxd1 28. Nc6 Bb3 29. Bxf5 g6 30. Be4 a5 31. Ne7+ 1-0

[Event "Muensterland Verbandsklasse 1314"]
[Site "Germany"]
[Date "2014.02.08"]
[Round "6.3"]
[White "Sroka, Andre"]
[Black "Welp, Michael"]
[Result "0-1"]
[WhiteElo "1839"]
[BlackElo "1926"]
[PlyCount "34"]
[EventDate "2013.09.21"]
[EventType "team-tourn"]
[EventRounds "9"]
[EventCountry "GER"]
[SourceTitle "EXT 2015"]
[Source "ChessBase"]
[SourceDate "2014.11.20"]
[SourceVersion "1"]
[SourceVersionDate "2014.11.20"]
[SourceQuality "1"]
[WhiteTeam "Muenster SK V"]
[BlackTeam "Ibbenbueren"]
[WhiteTeamCountry "GER"]
[BlackTeamCountry "GER"]

1. e4 d5 2. exd5 Qxd5 3. Nc3 Qa5 4. d4 Nf6 5. Bc4 Bg4 6. Nge2 Nc6 7. Bd2 0-0-0 8. Nd5 Qa4 9. b3 Qa3 10. Bc1 Qd6 11. Bf4 e5 12. dxe5 Nxe5 13. Qd4 Re8 14. Qxa7 Nxd5 15. Bxd5 Qxd5 16. Bxe5 Bxe2 17. Qa8+ Kd7 0-1

[Event "Muensterland Verbandsklasse-A 1213"]
[Site "Germany"]
[Date "2012.11.17"]
[Round "3.3"]
[White "Welp, Michael"]
[Black "Bauland, Thomas"]
[Result "0-1"]
[WhiteElo "1933"]
[BlackElo "1918"]
[PlyCount "94"]
[EventDate "2012.09.15"]
[EventType "team-tourn"]
[EventRounds "9"]
[EventCountry "GER"]
[SourceTitle "EXT 2015"]
[Source "ChessBase"]
[SourceDate "2014.11.20"]
[SourceVersion "1"]
[SourceVersionDate "2014.11.20"]
[SourceQuality "1"]
[WhiteTeam "Ibbenbueren"]
[BlackTeam "Ahaus Wessum"]
[WhiteTeamCountry "GER"]
[BlackTeamCountry "GER"]

1. e4 d5 2. exd5 Qxd5 3. Nc3 Qa5 4. d4 c6 5. Nf3 Bf5 6. Bc4 e6 7. 0-0 Nf6 8. Re1 Be7 9. Qe2 0-0 10. Nh4 Bg4 11. f3 Bh5 12. Qf2 Nbd7 13. Bd2 Qd8 14. g3 Nd5 15. Ng2 Nb4 16. Bb3 Bg6 17. Ne4 a5 18. a3 Nd5 19. c4 N5b6 20. Rad1 Nf6 21. Bc3 Nbd7 22. Nf4 Bxe4 23. fxe4 Qb6 24. Ba2 e5 25. Ng2 exd4 26. Bxd4 Bc5 27. h3 Bxd4 28. Qxd4 Qxd4+ 29. Rxd4 Ne5 30. Kf2 Rad8 31. Red1 Rxd4 32. Rxd4 c5 33. Rd1 Nxe4+ 34. Ke3 Nf6 35. Kf4 Re8 36. Ne3 h6 37. Nd5 Nh5+ 38. Ke3 Nxg3 39. Nc7 Re7 40. Nd5 Re6 41. Nf4 Re8 42. Bb1 g5 43. Nd5 Kg7 44. Kf2 Nh5 45. Nc7 Re7 46. Nd5 Rd7 47. Re1 Nxc4 0-1

[Event "Muensterland Verbandsklasse-A 1112"]
[Site "Germany"]
[Date "2012.01.14"]
[Round "5.2"]
[White "Welp, Michael"]
[Black "Kuhlenbaeumer, Willi"]
[Result "1-0"]
[WhiteElo "1927"]
[BlackElo "1938"]
[PlyCount "44"]
[EventDate "2011.09.17"]
[EventType "team-tourn"]
[EventRounds "9"]
[EventCountry "GER"]
[SourceTitle "EXT 2013"]
[Source "ChessBase"]
[SourceDate "2012.11.22"]
[SourceVersion "1"]
[SourceVersionDate "2012.11.22"]
[SourceQuality "1"]
[WhiteTeam "Ibbenbueren"]
[BlackTeam "Telgte"]
[WhiteTeamCountry "GER"]
[BlackTeamCountry "GER"]

1. e4 e6 2. d4 d5 3. e5 c5 4. Qg4 Nc6 5. Nf3 Bd7 6. Bd3 Nge7 7. 0-0 c4 8. Be2 Ng6 9. Nc3 Be7 10. b3 cxb3 11. cxb3 f5 12. Qg3 a6 13. Rd1 0-0 14. Bg5 h6 15. Bxh6 Qe8 16. Bd2 Qf7 17. Ng5 Bxg5 18. Bxg5 f4 19. Qg4 Qf5 20. Qxf5 Rxf5 21. h4 Nxh4 22. Bxh4 Rh5 1-0

[Event "Muensterland Verbandsklasse-B 1011"]
[Site "Germany"]
[Date "2011.04.09"]
[Round "9.2"]
[White "Welp, Michael"]
[Black "Kornick, Ulrich"]
[Result "0-1"]
[WhiteElo "1958"]
[BlackElo "1869"]
[PlyCount "58"]
[EventDate "2010.09.18"]
[EventType "team-tourn"]
[EventRounds "9"]
[EventCountry "GER"]
[SourceTitle "EXT 2012"]
[Source "ChessBase"]
[SourceDate "2011.11.24"]
[SourceVersion "1"]
[SourceVersionDate "2011.11.24"]
[SourceQuality "1"]
[WhiteTeam "Ibbenbueren"]
[BlackTeam "Rheine Klein Berlin II"]
[WhiteTeamCountry "GER"]
[BlackTeamCountry "GER"]

1. e4 e5 2. Nf3 Nf6 3. Nxe5 d6 4. Nf3 Nxe4 5. d4 d5 6. Bd3 Be7 7. 0-0 0-0 8. c4 Bg4 9. Qb3 Bxf3 10. gxf3 Ng5 11. Bxg5 Bxg5 12. Qxb7 Bf4 13. Re1 dxc4 14. Bxh7+ Kxh7 15. Qxa8 Qg5+ 16. Kf1 Bxh2 17. Qe4+ f5 18. Qe7 Rf6 19. d5 Na6 20. Nc3 Bd6 21. Qe3 Bf4 22. Qe7 Bd6 23. Qe3 Bf4 24. Qd4 Nb4 25. Ne2 Bd6 26. Qxc4 Rh6 27. Nd4 Qd2 28. Qc3 Rh1+ 29. Kg2 Rh2+ 0-1

[Event "Muensterland Verbandsklasse-A 0910"]
[Site "Germany"]
[Date "2010.03.20"]
[Round "8.2"]
[White "Welp, Michael"]
[Black "Beckmann, Christian"]
[Result "0-1"]
[WhiteElo "1944"]
[BlackElo "1815"]
[PlyCount "48"]
[EventDate "2009.09.19"]
[EventType "team-tourn"]
[EventRounds "9"]
[EventCountry "GER"]
[SourceTitle "EXT 2011"]
[Source "ChessBase"]
[SourceDate "2010.11.26"]
[SourceVersion "1"]
[SourceVersionDate "2010.11.26"]
[SourceQuality "1"]
[WhiteTeam "Ibbenbueren"]
[BlackTeam "Ahaus Wessum II"]
[WhiteTeamCountry "GER"]
[BlackTeamCountry "GER"]

1. e4 c5 2. Nf3 e6 3. d4 cxd4 4. Nxd4 Nc6 5. c4 Bc5 6. Nb3 Qb6 7. Nxc5 Qxc5 8. a3 Nf6 9. Nc3 0-0 10. Be3 Qa5 11. f4 Nxe4 12. Rc1 d5 13. Bd3 Nxc3 14. bxc3 Qxa3 15. f5 exf5 16. cxd5 Re8 17. Kf2 Ne5 18. Bd4 Ng4+ 19. Kf3 Qd6 20. c4 Nxh2+ 21. Rxh2 Qxh2 22. Qa4 Qh5+ 23. Kf2 Qh4+ 24. Kf1 Qf4+ 0-1

[Event "Muensterland Verbandsklasse-A 0910"]
[Site "Germany"]
[Date "2009.09.19"]
[Round "1.3"]
[White "Hedwig, Johannes"]
[Black "Welp, Michael"]
[Result "1/2-1/2"]
[WhiteElo "1725"]
[BlackElo "1944"]
[PlyCount "27"]
[EventDate "2009.09.19"]
[EventType "team-tourn"]
[EventRounds "9"]
[EventCountry "GER"]
[SourceTitle "EXT 2011"]
[Source "ChessBase"]
[SourceDate "2010.11.26"]
[SourceVersion "1"]
[SourceVersionDate "2010.11.26"]
[SourceQuality "1"]
[WhiteTeam "Emsdetten Rochade II"]
[BlackTeam "Ibbenbueren"]
[WhiteTeamCountry "GER"]
[BlackTeamCountry "GER"]

1. e4 d5 2. exd5 Qxd5 3. Nc3 Qa5 4. d4 Nf6 5. Nf3 Bg4 6. h3 Bh5 7. g4 Bg6 8. Ne5 Nbd7 9. Nc4 Qa6 10. Bf4 Qe6+ 11. Ne3 Qb6 12. Nc4 Qe6+ 13. Ne3 Qb6 14. Nc4 1/2-1/2

[Event "Muensterland Verbandsklasse-A 0809"]
[Site "Germany"]
[Date "2009.03.07"]
[Round "7.2"]
[White "Welp, Michael"]
[Black "Colmer, Willi"]
[Result "1-0"]
[WhiteElo "1918"]
[BlackElo "1840"]
[PlyCount "83"]
[EventDate "2008.09.13"]
[EventType "team-tourn"]
[EventRounds "9"]
[EventCountry "GER"]
[SourceTitle "EXT 2010"]
[Source "ChessBase"]
[SourceDate "2010.11.25"]
[SourceVersion "1"]
[SourceVersionDate "2010.11.25"]
[SourceQuality "1"]
[WhiteTeam "Ibbenbueren"]
[BlackTeam "Emsdetten Rochade"]
[WhiteTeamCountry "GER"]
[BlackTeamCountry "GER"]

1. e4 c5 2. Nf3 g6 3. c3 Bg7 4. d4 Qa5 5. Be3 cxd4 6. Bxd4 e5 7. Be3 Nf6 8. Nbd2 Ng4 9. Nc4 Nxe3 10. fxe3 Qc5 11. Kf2 0-0 12. Qd2 Nc6 13. Nd6 Nd4 14. Nxc8 Nxf3 15. gxf3 Raxc8 16. Bh3 Bh6 17. Rad1 Rfd8 18. Rhe1 Qe7 19. Kf1 Qh4 20. Qg2 Rc7 21. Rd5 d6 22. Qg3 Qf6 23. Ke2 Bf8 24. Bg4 Be7 25. Red1 Rc6 26. f4 Rb6 27. R1d2 exf4 28. exf4 Kh8 29. Kd1 Ra6 30. a3 Ra4 31. Qe3 Qh4 32. Bh3 b6 33. R2d3 f5 34. R5d4 Rxd4 35. Rxd4 Bf6 36. e5 dxe5 37. fxe5 Qg5 38. Qd3 Qg1+ 39. Bf1 Rxd4 40. cxd4 Qg4+ 41. Be2 Qg1+ 42. Kc2 1-0

[Event "Muensterland Verbandsklasse-A 0809"]
[Site "Germany"]
[Date "2008.11.08"]
[Round "3.2"]
[White "Welp, Michael"]
[Black "Kloenne, Tim"]
[Result "1/2-1/2"]
[WhiteElo "1918"]
[BlackElo "1764"]
[PlyCount "49"]
[EventDate "2008.09.13"]
[EventType "team-tourn"]
[EventRounds "9"]
[EventCountry "GER"]
[SourceTitle "EXT 2010"]
[Source "ChessBase"]
[SourceDate "2010.11.25"]
[SourceVersion "1"]
[SourceVersionDate "2010.11.25"]
[SourceQuality "1"]
[WhiteTeam "Ibbenbueren"]
[BlackTeam "Gronau II"]
[WhiteTeamCountry "GER"]
[BlackTeamCountry "GER"]

1. e4 c5 2. Nf3 Nc6 3. d4 cxd4 4. Nxd4 Nf6 5. Nc3 d6 6. Bc4 e6 7. Be3 Be7 8. 0-0 0-0 9. f4 a6 10. a4 d5 11. Nxc6 bxc6 12. exd5 exd5 13. Be2 Rb8 14. Bd4 Bb7 15. Bf3 Qa5 16. Kh1 c5 17. Be5 Rbd8 18. Qe1 Qb4 19. Rd1 d4 20. Ne4 Bxe4 21. Qxb4 cxb4 22. Bxf6 Bxf6 23. Bxe4 a5 24. Rfe1 Rb8 25. b3 1/2-1/2

[Event "Muensterland Verbandsklasse-A 0708"]
[Site "Germany"]
[Date "2007.09.15"]
[Round "1.2"]
[White "Welp, Michael"]
[Black "Kordel, Mathias"]
[Result "0-1"]
[WhiteElo "1906"]
[BlackElo "1861"]
[PlyCount "102"]
[EventDate "2007.09.22"]
[EventType "team"]
[EventRounds "9"]
[EventCountry "GER"]
[SourceTitle "EXT 2009"]
[Source "ChessBase"]
[SourceDate "2008.11.26"]
[SourceVersion "1"]
[SourceVersionDate "2008.11.26"]
[SourceQuality "1"]
[WhiteTeam "Ibbenbueren"]
[BlackTeam "Buldern"]
[WhiteTeamCountry "GER"]
[BlackTeamCountry "GER"]

1. e4 e6 2. d4 d5 3. e5 c5 4. Qg4 cxd4 5. Nf3 Nc6 6. Bd3 Nge7 7. 0-0 Ng6 8. Re1 Be7 9. Nbd2 Qc7 10. Qg3 Nb4 11. Nxd4 Nxd3 12. cxd3 Bd7 13. N2f3 0-0 14. Be3 Rac8 15. h4 f6 16. exf6 Qxg3 17. fxg3 Bxf6 18. h5 Ne7 19. Bf4 Nf5 20. Nxe6 Rfe8 21. Nc7 Rxe1+ 22. Rxe1 Bc6 23. b3 Nd4 24. Kf1 h6 25. Nxd4 Bxd4 26. a4 a6 27. Bd6 Bf6 28. Ne6 Bd7 29. Nc5 Bg4 30. Nxb7 Rc2 31. Be5 Bg5 32. Bd4 Bxh5 33. Kg1 Bg6 34. Nc5 a5 35. Bf2 Bf6 36. Rd1 Rxf2 37. Kxf2 Bd4+ 38. Ke1 Bxc5 39. Rc1 Bb4+ 40. Ke2 d4 41. Rc4 Bc3 42. Rc6 Bf5 43. Rc7 Be6 44. Rb7 Bd5 45. Rb8+ Kf7 46. Kf2 Ke7 47. Rb5 Kd6 48. Rb6+ Kc5 49. Rg6 Bxb3 50. Rxg7 Bd2 51. Ke2 Be3 0-1

[Event "Muensterland Verbandsklasse-A 0506"]
[Site "Germany"]
[Date "2006.04.08"]
[Round "8.3"]
[White "Reichstein, Michael"]
[Black "Welp, Michael"]
[Result "1/2-1/2"]
[WhiteElo "2095"]
[BlackElo "1858"]
[PlyCount "32"]
[EventDate "2005.09.03"]
[EventType "team"]
[EventRounds "9"]
[EventCountry "GER"]
[SourceTitle "EXT 2006"]
[Source "ChessBase"]
[SourceDate "2005.11.24"]
[SourceVersion "1"]
[SourceVersionDate "2005.11.24"]
[SourceQuality "1"]
[WhiteTeam "Sendenhorst"]
[BlackTeam "Ibbenbueren"]
[WhiteTeamCountry "GER"]
[BlackTeamCountry "GER"]

1. e4 d5 2. exd5 Qxd5 3. Qf3 Qa5 4. Bc4 Nf6 5. Ne2 Nc6 6. 0-0 Ne5 7. Qb3 Nxc4 8. Qxc4 e5 9. Nbc3 c6 10. Ne4 Be6 11. Qc3 Qc7 12. Ng5 Bg4 13. Ng3 h6 14. N5e4 Nd5 15. Qc4 f5 16. Nc3 0-0-0 1/2-1/2